| 000 | 01110nac a22002411u 4500 | ||
|---|---|---|---|
| 010 | _a91077179 | ||
| 020 | _a1853121606 (Southampton) | ||
| 020 | _a1562520873 (Boston) | ||
| 020 | _a007007416X (McGraw-Hill) | ||
| 082 | 0 | 0 |
_a620/.001 _bB8289 |
| 090 |
_c789 _d789 |
||
| 100 | _aBrebbia, C. A. | ||
| 245 | 1 | 0 |
_aBoundary elements : _ban introductory course / _cC.A. Brebbia, J. Dominguez. |
| 250 | _a2nd ed. | ||
| 260 |
_aSouthhampton ; _aBoston : _bComputational Mechanics Publications ; _aNew York : _bCopublished with McGraw-Hill, _c1992. |
||
| 300 |
_a313 p. : _bill. ; _c23 cm. |
||
| 504 | _aIncludes bibliographical references and index. | ||
| 650 | 0 | _aBoundary element methods. | |
| 700 | 1 |
_aDominquez, J. _q(Jose) |
|
| 942 |
_cBB _k620/.001B8289 |
||
| 999 |
_c789 _d789 |
||